000 00652cab a2200205 4500
001 WB2709-38
008 090401t1991 xxu||||| |||| 00| 0 eng d
035 _a(Sirsi) u21457
041 _aeng
245 _aMortgage fraud could tarnish professional image
260 _c1991
350 _a0
490 _aChartered Surveyor Weekly
_vVol 24 no 8 28/2/91 p7
520 _aRICS warns that the escalation in mortgage fraud could damage the professional image of the chartered surveyor .
650 _aFRAUD
650 _aPROFESSIONAL CONDUCT
690 _aMANAGEMENT-BUSINESS MANAGEMENT-PROFESSIONAL PRACTICE
942 _n0
948 _c04/03/1997
999 _c14405
_d14405